000 00321nam a2200145Ia 4500
100 _aYogananda/Paramahansa
650 _aGeneral
942 _cBK
654 _aautobiography
245 _aAutobiography of a Yogi
260 _bYogananda Satsanga soc
_c2003
082 _a920
_bYOG
300 _a499
546 _aENGLISH
999 _c26897
_d26897